Loading...
Indian poetry in English
| Main Authors: | , |
|---|---|
| Format: | Printed Book |
| Published: |
New Delhi, Sterling Publishers
1985
|
| Subjects: |
| LEADER | 005450000a22001810004500 | ||
|---|---|---|---|
| 041 | |a en | ||
| 082 | |a IND821.008 IND M5 | ||
| 100 | |a Prasad, Hari Mohan | ||
| 100 | |a Singh, Chakra Dhar Prasad | ||
| 245 | |a Indian poetry in English | ||
| 260 | |a New Delhi, Sterling Publishers | ||
| 260 | |c 1985 | ||
| 650 | |a English literature | ||
| 650 | |a Indian | ||
| 650 | |a Poetry | ||
| 942 | |c BK | ||
| 999 | |c 151996 |d 151992 | ||
| 952 | |0 0 |1 0 |4 0 |6 IND_821_008000000000000_IND_M5 |7 0 |9 150814 |a SCK |b SCK |d 2017-10-23 |l 0 |o IND821.008 IND M5 |p SCK02262 |r 2017-10-23 |w 2017-10-23 |y BK | ||